[Event "Women's Speed Chess Q5"]
[Site "chess.com INT"]
[Date "2021.06.04"]
[Round "8"]
[White "Kashlinskaya, Alina"]
[Black "Vantika, Agrawal"]
[Result "0-1"]
[WhiteTitle "IM"]
[BlackTitle "WIM"]
[WhiteElo "2494"]
[BlackElo "2286"]
[WhiteFideId "4198026"]
[BlackFideId "25050389"]
[EventDate "2021.06.04"]

1. d4 Nf6 2. c4 g6 3. Nc3 Bg7 4. e4 d6 5. h3 O-O 6. Be3 Na6 7. Nf3 c5 8. Be2
cxd4 9. Nxd4 Nc5 10. Qc2 b6 11. O-O Bb7 12. Bf3 e5 13. Nde2 Rc8 14. Rfd1 a6 15.
Ng3 h5 16. Bg5 Ne6 17. Be3 h4 18. Nge2 Rxc4 19. Qd3 b5 20. Qxd6 Qxd6 21. Rxd6 b4
22. Na4 Bxe4 23. Bxe4 Nxe4 24. Rxa6 Nd4 25. Bxd4 exd4 26. Nf4 Rc2 27. Nd3 Rd2
28. Nxb4 d3 29. Nc6 Re8 30. Rf1 Re2 31. Ra7 d2 32. Ne7+ Kh7 33. Nd5 Rxf2 34. Ne3
Rxf1+ 35. Kxf1 Bd4 36. Rxf7+ Kg8 0-1

[Event "Women's Speed Chess Q5"]
[Site "chess.com INT"]
[Date "2021.06.04"]
[Round "8"]
[White "Khalafova, Narmin"]
[Black "Cori T., Deysi"]
[Result "0-1"]
[WhiteTitle "WGM"]
[BlackTitle "WGM"]
[WhiteElo "2279"]
[BlackElo "2388"]
[WhiteFideId "13402625"]
[BlackFideId "3801934"]
[EventDate "2021.06.04"]

1. e4 c5 2. Be2 Nc6 3. f4 Nd4 4. Nf3 Nxe2 5. Qxe2 b6 6. O-O Bb7 7. c4 e6 8. Nc3
Ne7 9. d4 cxd4 10. Nxd4 Nc6 11. Be3 Rc8 12. Rad1 a6 13. Nxc6 Bxc6 14. Nd5 Rb8
15. Rfe1 b5 16. Kh1 bxc4 17. Qxc4 Qa5 18. Bd4 f6 19. b4 Bxb4 20. Rb1 Bd6 21. Bb6
Bxd5 22. exd5 Rxb6 23. Qc8+ Kf7 24. Qxd7+ Kg6 25. f5+ exf5 26. Rbd1 Qa3 27. Qe6
Bc5 28. Qd7 Rd6 29. Qc7 Qb4 30. Rc1 Bb6 31. Qc2 Rhd8 32. Rf1 Rxd5 33. Qe2 Qe4
34. Qb2 R8d6 35. Rc3 Rd3 36. Rxd3 Qxd3 37. Qc1 Qe2 38. Qb1 Rd2 0-1

[Event "Women's Speed Chess Q5"]
[Site "chess.com INT"]
[Date "2021.06.04"]
[Round "8"]
[White "Balabayeva, Xeniya"]
[Black "Nguyen, Hong Anh"]
[Result "1-0"]
[WhiteTitle "WFM"]
[BlackTitle "WIM"]
[WhiteElo "2116"]
[BlackElo "1993"]
[WhiteFideId "13719688"]
[BlackFideId "12406732"]
[EventDate "2021.06.04"]

1. e4 c5 2. Nf3 Nc6 3. Bb5 g6 4. O-O Bg7 5. c3 Nf6 6. Re1 O-O 7. d4 cxd4 8. cxd4
d6 9. Nc3 Bg4 10. Be3 Nd7 11. Be2 Rc8 12. Qd2 Nb6 13. b3 Nd7 14. Rac1 Qa5 15.
Red1 a6 16. Qb2 b5 17. Nd5 Qd8 18. Qa3 a5 19. Bxb5 Ndb8 20. Be2 e6 21. Nc3 Nb4
22. Qb2 Nd7 23. Nb5 Qb6 24. a3 Bxf3 25. gxf3 Na6 26. Qd2 d5 27. e5 f6 28. f4
fxe5 29. fxe5 Nc7 30. Nd6 Rb8 31. Bg4 Kh8 32. Bg5 Ne8 33. Be7 Qxb3 34. Rc3 Qa4
35. Bxe6 Rb2 36. Bxf8 Rxd2 37. Bxg7+ Nxg7 38. Rc8+ Ne8 39. Rxe8+ Kg7 40. Rxd2
Nf8 41. Re7+ Kh6 42. Bxd5 Qxa3 43. Kg2 Qc3 44. Ne4 Qb4 45. Rf7 Ne6 46. Bxe6 a4
47. Rd3 g5 48. Rh3+ Kg6 49. Rhxh7 Qxd4 50. Rfg7# 1-0

[Event "Women's Speed Chess Q5"]
[Site "chess.com INT"]
[Date "2021.06.04"]
[Round "8"]
[White "Doluhanova, Evgeniya"]
[Black "Bivol, Alina"]
[Result "0-1"]
[WhiteTitle "WGM"]
[BlackTitle "WGM"]
[WhiteElo "2192"]
[BlackElo "2374"]
[WhiteFideId "14112035"]
[BlackFideId "4100123"]
[EventDate "2021.06.04"]

1. e4 e6 2. d4 d5 3. Bd3 c5 4. exd5 exd5 5. dxc5 Bxc5 6. Qe2+ Qe7 7. Qxe7+ Nxe7
8. Nf3 Nbc6 9. Bf4 O-O 10. a3 Bg4 11. Nbd2 Ng6 12. Bg3 Rfe8+ 13. Kf1 Nce7 14. h3
Bf5 15. Bxf5 Nxf5 16. Bh2 Rac8 17. Re1 Bb6 18. g4 Nfh4 19. Nxh4 Nxh4 20. Rxe8+
Rxe8 21. Bg3 Ng6 22. Rh2 f5 23. f3 f4 24. Be1 Be3 25. Re2 Ne5 26. Kg2 Kf7 27.
Bf2 d4 28. Ne4 Rd8 29. Re1 h6 30. Rd1 Nc4 31. Rb1 d3 32. cxd3 Rxd3 33. Kf1 Rb3
34. Ke2 g5 35. Bxe3 Rxe3+ 36. Kf2 Rb3 37. Rc1 Rxb2+ 38. Kg1 b5 39. Rd1 Ne5 40.
Rd5 Nxf3+ 41. Kf1 b4 42. Rd7+ Ke6 43. Rxa7 Ke5 44. Nc5 bxa3 45. Rxa3 Nd2+ 46.
Ke1 Nc4 47. Nd3+ Kd4 48. Nxb2 Nxa3 49. Nd1 Ke4 50. Kf2 Nb5 51. Nc3+ Nxc3 0-1

[Event "Women's Speed Chess Q5"]
[Site "chess.com INT"]
[Date "2021.06.04"]
[Round "8"]
[White "Frayna, Janelle Mae"]
[Black "Batsiashvili, Nino"]
[Result "1/2-1/2"]
[WhiteTitle "WGM"]
[BlackTitle "GM"]
[WhiteElo "2179"]
[BlackElo "2491"]
[WhiteFideId "5212499"]
[BlackFideId "13602993"]
[EventDate "2021.06.04"]

1. d4 f5 2. Bg5 g6 3. h4 Nh6 4. h5 Nf7 5. Nf3 Bg7 6. Bf4 d6 7. hxg6 hxg6 8.
Rxh8+ Bxh8 9. Nc3 e5 10. dxe5 dxe5 11. Qxd8+ Kxd8 12. O-O-O+ Nd7 13. Bg5+ Nxg5
14. Nxg5 Bf6 15. Ne6+ Ke7 16. Nxc7 Rb8 17. e4 Nb6 18. N3d5+ Nxd5 19. Nxd5+ Kf7
20. Nxf6 Kxf6 21. Rd8 Ke7 22. Rh8 Kd7 23. Bd3 Kc7 24. exf5 gxf5 25. Kd2 e4 26.
Bc4 b5 27. Bd5 Rb6 28. Ke3 Rd6 29. Bb3 Bb7 30. Rh7+ Kb6 31. Rf7 Bc8 32. f3 exf3
33. gxf3 a5 34. a4 bxa4 35. Bxa4 Re6+ 36. Kf4 Re1 37. Rf8 Kc7 38. b3 Rf1 39. c4
Bb7 40. Rf7+ Kb8 41. Rxf5 Rxf3+ 42. Ke5 Rd3 43. Rf7 Rd2 44. c5 Re2+ 45. Kd4 Re6
46. Rd7 Rh6 47. Rd6 Rh4+ 48. Kc3 Rh3+ 49. Kc4 Kc7 50. Kb5 Rh5 51. Rb6 Rg5 52.
Kc4 Bd5+ 53. Kd4 Bb7 54. Rb5 Rg4+ 55. Ke5 Rg5+ 56. Kf6 Rh5 57. Rxa5 Rh6+ 58. Kg5
Re6 59. Kf5 Rh6 60. b4 Rh4 61. b5 Rh5+ 62. Ke6 Rxc5 63. b6+ Kxb6 64. Rxc5 Kxc5 1/2-1/2

[Event "Women's Speed Chess Q5"]
[Site "chess.com INT"]
[Date "2021.06.04"]
[Round "8"]
[White "Pourkashiyan, Atousa"]
[Black "Dong, Khanh Linh"]
[Result "0-1"]
[WhiteTitle "WGM"]
[BlackTitle "WCM"]
[WhiteElo "2322"]
[BlackElo "1970"]
[WhiteFideId "12502014"]
[BlackFideId "12403040"]
[EventDate "2021.06.04"]

1. e4 c5 2. Nf3 d6 3. d4 cxd4 4. Nxd4 Nf6 5. Nc3 a6 6. Be2 e5 7. Nb3 Be7 8. O-O
O-O 9. Be3 Be6 10. Qd3 Nc6 11. a3 b5 12. Nd5 Bxd5 13. exd5 e4 14. Qd2 Ne5 15.
Bf4 Ng6 16. Bg3 Rc8 17. Na5 Qb6 18. c4 Rfe8 19. b4 Bf8 20. Rfe1 Ne5 21. Bxe5
Rxe5 22. Nc6 Rf5 23. Rf1 bxc4 24. Bxc4 Ng4 25. Qe2 Nf6 26. Rad1 Re8 27. h3 e3
28. f3 Nh5 29. Kh2 Nf4 30. Qc2 Rg5 31. g3 e2 32. gxf4 exf1=Q 33. Rxf1 Rg6 34. f5
Rg5 35. f4 Rh5 36. Be2 Rh6 37. Bg4 Qe3 38. Qg2 Qe4 39. Qxe4 Rxe4 40. Rd1 Rf6 41.
a4 h5 42. Bf3 Rxf4 43. Kg2 R6xf5 44. Rd3 Rc4 45. Rd2 Rc3 0-1

[Event "Women's Speed Chess Q5"]
[Site "chess.com INT"]
[Date "2021.06.04"]
[Round "8"]
[White "Berend, Elvira"]
[Black "Belenkaya, Dina"]
[Result "0-1"]
[WhiteTitle "WGM"]
[BlackTitle "WGM"]
[WhiteElo "2326"]
[BlackElo "2341"]
[WhiteFideId "4000510"]
[BlackFideId "24142654"]
[EventDate "2021.06.04"]

1. e4 d5 2. exd5 Qxd5 3. Nc3 Qe5+ 4. Qe2 Qxe2+ 5. Bxe2 Nf6 6. Nf3 Bf5 7. d3 c6
8. Nh4 Bd7 9. O-O Na6 10. a3 e6 11. d4 Bd6 12. Bxa6 bxa6 13. Nf3 c5 14. Rd1 cxd4
15. Nxd4 Ke7 16. Bg5 h6 17. Bxf6+ gxf6 18. Ne4 Be5 19. Nc5 Be8 20. c3 a5 21. Nf3
Bc7 22. Rd2 Rd8 23. Rxd8 Bxd8 24. Rd1 Bb6 25. Ne4 Bc6 26. Re1 Rg8 27. g3 f5 28.
Ned2 f6 29. Nd4 Bxd4 30. cxd4 Rb8 31. b3 Bd5 32. Rc1 Kd6 33. Rc3 Kd7 34. f3 a4
35. b4 e5 36. dxe5 fxe5 37. Kf2 Ke6 38. Ke3 h5 39. f4 exf4+ 40. Kxf4 Rg8 41. h3
h4 42. Re3+ Kd6 43. gxh4 Rg2 44. Nf1 Rf2+ 45. Kg5 Rxf1 46. h5 Be4 47. h6 Rg1+
48. Kf6 Rg8 49. h7 Re8 50. Kf7 Re7+ 51. Kg8 Bd5+ 52. Kh8 Rxe3 0-1

[Event "Women's Speed Chess Q5"]
[Site "chess.com INT"]
[Date "2021.06.04"]
[Round "8"]
[White "Nguyen, Hong Ngoc"]
[Black "Komiagina, Maria"]
[Result "1-0"]
[WhiteTitle "WCM"]
[BlackTitle "WIM"]
[WhiteElo "1957"]
[BlackElo "2241"]
[WhiteFideId "12403083"]
[BlackFideId "4153987"]
[EventDate "2021.06.04"]

1. e4 c5 2. Nc3 Nc6 3. g3 g6 4. Bg2 Bg7 5. d3 d6 6. Be3 Rb8 7. Qd2 b5 8. Nge2
Nd4 9. Nd1 Nxe2 10. Qxe2 b4 11. O-O Nf6 12. e5 dxe5 13. Bxc5 Qc7 14. Be3 O-O 15.
Re1 a5 16. Rc1 Bb7 17. Bxb7 Qxb7 18. Bg5 Nd5 19. Ne3 Rfe8 20. Nc4 f6 21. Bd2 a4
22. Qe4 Qd7 23. b3 a3 24. Ne3 e6 25. c4 f5 26. Qg2 Ne7 27. Qf1 Nc6 28. Nc2 Red8
29. Bg5 Re8 30. Rcd1 h6 31. Be3 Red8 32. Rd2 Qc7 33. Red1 f4 34. Bc5 Nd4 35.
Bxd4 exd4 36. Re2 e5 37. gxf4 exf4 38. f3 Re8 39. Rde1 Re3 40. Nxe3 dxe3 41. Qg2
Kh7 42. Qg4 Re8 43. Rd1 Bd4 44. h4 Re7 45. Kh2 Qe5 46. Rg1 Rg7 47. Reg2 Qf6 48.
h5 g5 49. Rc2 Re7 50. Re2 Kg7 51. Rc1 Rc7 52. c5 Bb2 53. Rcc2 Bc3 54. c6 Rxc6
55. Qd7+ Kg8 56. d4 Rd6 57. Qe8+ Kg7 58. Rc1 Qf7 59. Qe5+ Rf6 60. Rd1 Qxh5+ 61.
Kg2 Qf7 62. Qc5 g4 63. Rg1 gxf3+ 64. Kxf3+ Rg6 65. Rxg6+ Kxg6 66. Rg2+ Kh7 67.
Qe5 1-0

[Event "Women's Speed Chess Q5"]
[Site "chess.com INT"]
[Date "2021.06.04"]
[Round "8"]
[White "Rakshitta, Ravi"]
[Black "Head, Louise"]
[Result "1/2-1/2"]
[WhiteTitle "WIM"]
[BlackTitle "WFM"]
[WhiteElo "2190"]
[BlackElo "2090"]
[WhiteFideId "25073230"]
[BlackFideId "424773"]
[EventDate "2021.06.04"]

1. e4 c6 2. Nc3 d5 3. Nf3 dxe4 4. Nxe4 Nd7 5. d4 Ngf6 6. Nxf6+ Nxf6 7. c3 Bg4 8.
Be2 e6 9. h3 Bh5 10. O-O Bd6 11. Ne5 Bxe2 12. Qxe2 Nd7 13. Bf4 Nxe5 14. Bxe5
Bxe5 15. Qxe5 O-O 16. Rae1 Rc8 17. Re3 Qc7 18. Qxc7 Rxc7 19. f4 Re8 20. f5 Kf8
21. fxe6 f6 22. Rfe1 b5 23. b3 Ke7 24. c4 Rd8 25. Rg3 g6 26. Rd3 Rd6 27. d5 cxd5
28. cxd5 Rc5 29. Red1 b4 30. Rd4 a5 31. Kf2 Rc2+ 32. R1d2 Rc3 33. R4d3 Rc1 34.
Ke3 f5 35. Kd4 Re1 36. Re3 Rxd5+ 37. Kxd5 Rxe3 38. Rc2 Rxe6 39. Rc7+ Kf6 40.
Rxh7 Re2 41. Ra7 Rxa2 42. h4 Ra1 43. Ra6+ Kg7 44. Ra7+ Kh6 45. Ke6 Ra3 46. Kf6
Rxb3 47. Rxa5 Rg3 48. Rb5 b3 49. Rb8 Kh5 50. Rh8+ Kg4 51. Kxg6 b2 52. Rb8 Kf4+
53. Kf6 Rxg2 54. h5 Ke4 55. h6 f4 56. h7 Rh2 57. Rb4+ Ke3 58. Rb3+ Kd4 59. Rxb2
Rxh7 60. Kg5 f3 61. Kg4 Rf7 62. Kg3 Ke3 63. Rb3+ Ke2 64. Rb2+ Ke1 65. Rb1+ Ke2
66. Rb2+ Ke1 67. Rb1+ Ke2 68. Rb2+ 1/2-1/2

[Event "Women's Speed Chess Q5"]
[Site "chess.com INT"]
[Date "2021.06.04"]
[Round "8"]
[White "Vo, Thi Kim Phung"]
[Black "Gevorgyan, Maria"]
[Result "1-0"]
[WhiteTitle "WGM"]
[BlackTitle "WGM"]
[WhiteElo "2335"]
[BlackElo "2219"]
[WhiteFideId "12401838"]
[BlackFideId "13300270"]
[EventDate "2021.06.04"]

1. d4 Nf6 2. c4 c5 3. d5 e6 4. Nc3 exd5 5. cxd5 d6 6. Nf3 g6 7. a4 Bg7 8. Nd2
O-O 9. Nc4 a6 10. Bf4 Ne8 11. a5 Qe7 12. Nb6 Nd7 13. Nxa8 b5 14. Nb6 Nxb6 15.
axb6 b4 16. Na4 g5 17. Bc1 f5 18. h4 h6 19. hxg5 hxg5 20. e3 f4 21. Be2 Nf6 22.
exf4 gxf4 23. Bxf4 Ne4 24. Be3 Qf6 25. Bf3 Re8 26. Bxe4 Rxe4 27. Qf3 Qe7 28. Qh5
Bg4 29. Qh7+ Kf8 30. O-O Bc8 31. Bh6 Rg4 32. Bxg7+ Rxg7 33. Qh8+ Rg8 34. Qh6+
Rg7 35. Qf4+ Rf7 36. Qh2 Kg8 37. Rae1 Qf8 38. Qg3+ Rg7 39. Qh4 Bd7 40. b3 Qf7
41. Re3 Bc8 42. Qd8+ Kh7 43. Qxc8 Rg6 44. Qh3+ Kg7 45. Qf3 Qg8 46. b7 Kh7 47.
Re7+ Kh6 48. Qh3+ Kg5 49. Qe3+ Kh5 50. Qf3+ Kh6 51. Re6 Kh7 52. Rxg6 Qxg6 53.
Nb6 Qg8 54. Nd7 1-0

[Event "Women's Speed Chess Q5"]
[Site "chess.com INT"]
[Date "2021.06.04"]
[Round "8"]
[White "Tarasova, Viktoriya"]
[Black "Nurmanova, Alua"]
[Result "1-0"]
[WhiteTitle "WIM"]
[BlackTitle "WFM"]
[WhiteElo "2226"]
[BlackElo "2093"]
[WhiteFideId "4175840"]
[BlackFideId "13729390"]
[EventDate "2021.06.04"]

1. d4 Nf6 2. c4 g6 3. Nc3 Bg7 4. e4 d6 5. h3 O-O 6. Be3 c5 7. d5 e6 8. Bd3 exd5
9. exd5 Re8 10. Nf3 a6 11. a4 Bh6 12. O-O Rxe3 13. fxe3 Bxe3+ 14. Kh1 Nh5 15.
Ne2 Nd7 16. g4 Ng7 17. Ng3 Ne5 18. Nxe5 Qh4 19. Kg2 dxe5 20. Qf3 Bf4 21. Ne2 g5
22. Nxf4 gxf4 23. Rae1 Qg5 24. Qe4 Qh4 25. Rf3 f5 26. gxf5 Bxf5 27. Qxe5 Re8 28.
Qxe8+ Nxe8 29. Rxe8+ Kf7 30. Re2 Qg5+ 31. Kh2 Bg6 32. Bxg6+ hxg6 33. Ref2 Kg7
34. Rxf4 Qe5 35. Kg2 b5 36. axb5 axb5 37. b3 Kh6 38. h4 Qe3 39. R4f3 Qd4 40.
cxb5 Qxd5 41. Kh2 Qe5+ 42. Rg3 Qe4 43. Rfg2 Kh5 44. Rg5+ Kh6 45. Rxg6+ Kh7 46.
Rg7+ Kh6 47. R7g4 Qe5+ 48. Kh1 Qa1+ 49. Rg1 Qa8+ 50. Kh2 Qb8+ 51. R1g3 Qxb5 52.
Rg6+ Kh7 53. Rg7+ Kh8 54. R7g5 Qe2+ 55. Kh3 Qe6+ 56. Kh2 Qe2+ 57. Rg2 Qe8 58.
Rg8+ Qxg8 59. Rxg8+ Kxg8 60. Kg3 Kf7 61. Kf4 Kf6 62. Ke4 Kg6 63. Kd5 1-0

[Event "Women's Speed Chess Q5"]
[Site "chess.com INT"]
[Date "2021.06.04"]
[Round "8"]
[White "Zhuravleva, Olga"]
[Black "Obregon Garcia, Roxangel"]
[Result "0-1"]
[WhiteTitle "WIM"]
[BlackTitle "WIM"]
[WhiteElo "2278"]
[BlackElo "2167"]
[WhiteFideId "4145933"]
[BlackFideId "3520420"]
[EventDate "2021.06.04"]

1. e4 c5 2. Nf3 Nc6 3. Nc3 d6 4. d4 cxd4 5. Nxd4 Nf6 6. Nb3 a6 7. Bd3 e6 8. O-O
Be7 9. Kh1 O-O 10. f4 b5 11. a3 Qc7 12. Qf3 Rb8 13. Bd2 b4 14. Ne2 a5 15. axb4
axb4 16. Qh3 e5 17. Qf3 Bg4 18. Qf2 exf4 19. Nxf4 Ne5 20. Nd4 Rfd8 21. h3 Bc8
22. Nd5 Nxd5 23. exd5 Bf6 24. Bf5 Qc5 25. Be3 Qxd5 26. Bd3 b3 27. Qg3 Ng6 28. c4
Qe5 29. Qf2 Bb7 30. Nxb3 Qxb2 31. Qxb2 Bxb2 32. Rab1 Be5 33. Bb6 Re8 34. Na5 Nh4
35. Nxb7 Rxb7 36. Be4 Rbe7 37. Bd5 Ng6 38. Bg1 Nf4 39. Bc6 Rc8 40. Bb5 h5 41.
Bh2 Nd3 42. Bxe5 dxe5 43. Rbd1 e4 44. Ra1 e3 45. c5 e2 46. Bxd3 exf1=Q+ 47. Rxf1
Rxc5 48. Kh2 Rce5 49. Rf3 g6 50. Bc4 Kg7 51. Bb3 f5 52. Rg3 Re3 53. Rxe3 Rxe3
54. Bd5 Kf6 55. Bf3 Ke5 56. Kg3 f4+ 57. Kf2 Ra3 58. Be2 Kf5 59. Bf3 g5 60. Bxh5
Ra2+ 61. Be2 Ke4 0-1

[Event "Women's Speed Chess Q5"]
[Site "chess.com INT"]
[Date "2021.06.04"]
[Round "8"]
[White "Sliwicka, Alicja"]
[Black "Shuvalova, Polina"]
[Result "1-0"]
[WhiteTitle "WIM"]
[BlackTitle "IM"]
[WhiteElo "2308"]
[BlackElo "2489"]
[WhiteFideId "1150677"]
[BlackFideId "24171760"]
[EventDate "2021.06.04"]

1. e4 c6 2. d4 g6 3. Nc3 Bg7 4. Nf3 d5 5. h3 Nf6 6. Bd3 dxe4 7. Nxe4 Nxe4 8.
Bxe4 Nd7 9. c3 O-O 10. O-O c5 11. Bg5 h6 12. Bh4 cxd4 13. Nxd4 Nf6 14. Bc2 Qb6
15. Bb3 e5 16. Nf3 e4 17. Nd4 Bd7 18. Re1 Rfe8 19. Qc2 g5 20. Bg3 a5 21. a4 Rac8
22. Nb5 Bxb5 23. axb5 Nh5 24. Bh2 e3 25. fxe3 Re7 26. Qf5 Rc5 27. Qf3 Nf6 28.
Rad1 Ne4 29. Bxf7+ Rxf7 30. Qxe4 Rxb5 31. Rf1 Rxf1+ 32. Rxf1 Qc6 33. Qxc6 bxc6
34. Rf2 a4 35. Bd6 Rd5 36. Bb4 Rd1+ 37. Kh2 Be5+ 38. g3 Re1 39. Bc5 Rb1 40. Kg2
Kg7 41. Bd4 Bxd4 42. exd4 Kg6 43. g4 Rd1 44. Re2 Kf6 45. Kf3 Rf1+ 46. Kg2 Rb1
47. Kf3 Rd1 48. Ke4 Rh1 49. Rf2+ Ke6 50. c4 Re1+ 51. Kd3 Rh1 52. Rf3 Rh2 53. Kc3
Rg2 54. Re3+ Kd6 55. b3 a3 56. Re1 Rg3+ 57. Kb4 a2 58. Ra1 Rxh3 59. Rxa2 Rg3 60.
Ra6 Kd7 61. Kc5 Rxg4 62. Ra7+ Ke6 63. Rh7 Rh4 64. Kxc6 g4 65. d5+ Kf6 66. d6 g3
67. d7 Rd4 68. Rxh6+ Kg7 69. Rh3 Rd3 70. Rxg3+ Rxg3 71. d8=Q 1-0

[Event "Women's Speed Chess Q5"]
[Site "chess.com INT"]
[Date "2021.06.04"]
[Round "8"]
[White "Dzagnidze, Nana"]
[Black "Bodnaruk, Anastasia"]
[Result "1-0"]
[WhiteTitle "GM"]
[BlackTitle "IM"]
[WhiteElo "2524"]
[BlackElo "2446"]
[WhiteFideId "13601903"]
[BlackFideId "4181751"]
[EventDate "2021.06.04"]

1. d4 Nf6 2. c4 g6 3. Nf3 Bg7 4. Nc3 O-O 5. g3 d6 6. Bg2 Nc6 7. O-O a6 8. Bf4
Rb8 9. Rc1 h6 10. h3 Re8 11. Qd2 Kh7 12. d5 Na5 13. b3 c5 14. dxc6 bxc6 15. Rfd1
Bd7 16. e4 e5 17. Be3 Nb7 18. c5 Nxc5 19. Qxd6 Nb7 20. Qd3 Qe7 21. Qxa6 Nd8 22.
Na4 Nxe4 23. Nc5 Bf5 24. Nh4 Bc8 25. Qa4 Ng5 26. Kh2 Rf8 27. f4 Nge6 28. Nxe6
Nxe6 29. fxe5 Bxe5 30. Nf3 Bg7 31. Qxc6 Bb7 32. Qd6 Qf6 33. Rf1 Rfd8 34. Qa3 Ra8
35. Qb4 Bxf3 36. Rxf3 Qb2 37. Rf2 Qe5 38. Re1 Rab8 39. Qe4 Qc7 40. Bf4 Nxf4 41.
Qxf4 Qxf4 42. gxf4 Bd4 43. Rfe2 Kg7 44. Rd1 g5 45. Red2 Bf6 46. Rxd8 Bxd8 47.
fxg5 hxg5 48. Bd5 Bc7+ 49. Kg2 Rd8 50. Kf3 f5 51. a4 Ba5 52. Rd3 Kf6 53. Bc4 Rh8
54. Kg2 Bb4 55. Rd5 f4 56. Rb5 Bc3 57. a5 Rd8 58. a6 Rd2+ 59. Kf3 Bd4 60. Rb7
Rf2+ 61. Ke4 Be3 62. Rd7 Ra2 63. Rd6+ Ke7 64. Rc6 Ra1 65. Re6+ Kd7 66. Kf5 Bg1
67. Kxg5 f3 68. Kg4 f2 69. Rf6 Ke7 70. Rf5 Kd6 71. h4 1-0

[Event "Women's Speed Chess Q5"]
[Site "chess.com INT"]
[Date "2021.06.04"]
[Round "9"]
[White "Eswaran, Aksithi"]
[Black "Singgih, Diajeng Theresa"]
[Result "1-0"]
[WhiteTitle "WCM"]
[BlackTitle "WFM"]
[WhiteElo "1745"]
[BlackElo "1972"]
[WhiteFideId "2083485"]
[BlackFideId "7104391"]
[EventDate "2021.06.04"]

1. e4 e5 2. Nf3 Nc6 3. Bc4 Bc5 4. c3 Nf6 5. d4 exd4 6. e5 d5 7. Bb5 Ne4 8. cxd4
Bb4+ 9. Nbd2 O-O 10. h3 Bd7 11. Bd3 f5 12. O-O Ba5 13. Qb3 Bb6 14. Qxd5+ Kh8 15.
Bxe4 fxe4 16. Nxe4 Qe7 17. Bg5 Qe8 18. Ng3 Rd8 19. Bxd8 1-0

[Event "Women's Speed Chess Q5"]
[Site "chess.com INT"]
[Date "2021.06.04"]
[Round "9"]
[White "Varshini, V"]
[Black "Kotepalli, Sai Nirupama"]
[Result "1-0"]
[WhiteTitle "WGM"]
[BlackTitle "WFM"]
[WhiteElo "2226"]
[BlackElo "1914"]
[WhiteFideId "5091241"]
[BlackFideId "5039444"]
[EventDate "2021.06.04"]

1. e4 c5 2. Nc3 e6 3. g3 d5 4. exd5 exd5 5. d3 Nf6 6. Bg2 Be6 7. Nge2 Nc6 8. O-O
Qd7 9. Nf4 O-O-O 10. Nxe6 fxe6 11. Re1 Bd6 12. Bg5 h6 13. Bh3 Nd4 14. Bxf6 gxf6
15. Nxd5 Qc6 16. c3 Nf5 17. Nxf6 1-0

[Event "Women's Speed Chess Q5"]
[Site "chess.com INT"]
[Date "2021.06.04"]
[Round "9"]
[White "Belenkaya, Dina"]
[Black "Dordzhieva, Dinara"]
[Result "1-0"]
[WhiteTitle "WGM"]
[BlackTitle "WGM"]
[WhiteElo "2341"]
[BlackElo "2311"]
[WhiteFideId "24142654"]
[BlackFideId "24157570"]
[EventDate "2021.06.04"]

1. e4 c5 2. Nc3 Nc6 3. g3 g6 4. Bg2 Bg7 5. d3 d6 6. Be3 e6 7. Qd2 Nd4 8. Nce2
Nxe2 9. Nxe2 Bxb2 10. Rb1 Bg7 11. d4 cxd4 12. Nxd4 Ne7 13. Nb5 d5 14. Bc5 O-O
15. O-O b6 16. Ba3 Ba6 17. Rfd1 Bxb5 18. Rxb5 Qd7 19. c4 Rfd8 20. exd5 exd5 21.
Bxd5 Rac8 22. Bxf7+ Kxf7 23. Qxd7 Rxd7 24. Rxd7 Bf6 25. Rxa7 Rc6 26. Bxe7 Bxe7
27. Re5 Re6 28. Rxe6 Kxe6 29. Rb7 Bc5 30. Rxh7 1-0

[Event "Women's Speed Chess Q5"]
[Site "chess.com INT"]
[Date "2021.06.04"]
[Round "9"]
[White "Sukandar, Irine Kharisma"]
[Black "Dong, Khanh Linh"]
[Result "0-1"]
[WhiteTitle "IM"]
[BlackTitle "WCM"]
[WhiteElo "2413"]
[BlackElo "1970"]
[WhiteFideId "7101937"]
[BlackFideId "12403040"]
[EventDate "2021.06.04"]

1. d4 Nf6 2. Nf3 e6 3. g3 c5 4. c3 Nc6 5. Bg2 d5 6. O-O Be7 7. b3 O-O 8. Bb2 b6
9. Nbd2 cxd4 10. cxd4 Ba6 11. Re1 Rc8 12. Ne5 Nb4 13. Rc1 Rxc1 14. Qxc1 Nxa2 15.
Qa1 Nb4 16. Rc1 Qb8 17. Nc6 Nxc6 18. Qxa6 Nb4 19. Qa4 a5 20. Ba3 Rc8 21. Rxc8+
Qxc8 22. e3 Qc2 23. Nf1 Nd3 24. Bxe7 Qxf2+ 25. Kh1 Ne1 26. Bh3 Nf3 0-1

[Event "Women's Speed Chess Q5"]
[Site "chess.com INT"]
[Date "2021.06.04"]
[Round "9"]
[White "Rakshitta, Ravi"]
[Black "Ramirez, Maria Eugenia"]
[Result "1-0"]
[WhiteTitle "WIM"]
[BlackTitle "WFM"]
[WhiteElo "2190"]
[BlackElo "2057"]
[WhiteFideId "25073230"]
[BlackFideId "3301680"]
[EventDate "2021.06.04"]

1. e4 e5 2. Nf3 Nc6 3. Bc4 Nf6 4. d4 exd4 5. O-O Nxe4 6. Re1 d5 7. Bxd5 Qxd5 8.
Nc3 Qh5 9. Nxe4 Be6 10. Bg5 Be7 11. Bxe7 Nxe7 12. Qxd4 O-O 13. Neg5 Nc6 14. Qf4
Bg4 15. h3 Bxf3 16. Nxf3 Qa5 17. a3 Qb6 18. b4 a5 19. Rab1 axb4 20. axb4 Rfe8
21. Rxe8+ Rxe8 22. b5 Re2 23. Ng5 Nd8 24. Rd1 Re8 25. Qe4 Ne6 26. Qxh7+ Kf8 27.
Rd7 1-0

[Event "Women's Speed Chess Q5"]
[Site "chess.com INT"]
[Date "2021.06.04"]
[Round "9"]
[White "Purtseladze, Maka"]
[Black "Kashlinskaya, Alina"]
[Result "0-1"]
[WhiteTitle "IM"]
[BlackTitle "IM"]
[WhiteElo "2274"]
[BlackElo "2494"]
[WhiteFideId "13602659"]
[BlackFideId "4198026"]
[EventDate "2021.06.04"]

1. Nf3 d5 2. b3 Bg4 3. Bb2 Nd7 4. g3 e5 5. Nxe5 Nxe5 6. Bxe5 d4 7. h3 Be6 8. Bg2
f6 9. Bf4 g5 10. Bxb7 Rb8 11. Bc6+ Bd7 12. Bxc7 Qxc7 13. Bg2 Bc6 14. O-O Bd6 15.
c4 Ne7 16. d3 h5 17. Nd2 Bxg2 18. Kxg2 Nf5 19. Ne4 O-O 20. c5 Be5 21. Qc2 Bxg3
22. Nxg3 Qxg3+ 23. fxg3 Ne3+ 24. Kf3 Nxc2 25. Rac1 Ne3 26. Rh1 Rfe8 27. c6 Rb5
28. g4 h4 29. c7 Rc8 30. Rc6 Rb6 31. Rhc1 Nd5 32. R1c5 Rxc6 33. Rxc6 Rxc7 34.
Rd6 Nf4 35. Rxd4 Nxh3 36. e3 Rc2 37. Rd7 Ng1+ 38. Ke4 h3 0-1

[Event "Women's Speed Chess Q5"]
[Site "chess.com INT"]
[Date "2021.06.04"]
[Round "9"]
[White "Daulyte-Cornette, Deimante"]
[Black "Petrova, Irina"]
[Result "0-1"]
[WhiteTitle "IM"]
[BlackTitle "WIM"]
[WhiteElo "2394"]
[BlackElo "2110"]
[WhiteFideId "12802859"]
[BlackFideId "14124122"]
[EventDate "2021.06.04"]

1. e4 d6 2. d4 Nf6 3. Nc3 e5 4. Nf3 Nbd7 5. Rg1 g6 6. g4 Bg7 7. g5 Nh5 8. Be3
O-O 9. Qd2 c6 10. O-O-O b5 11. dxe5 dxe5 12. Bh3 f5 13. gxf6 Nhxf6 14. Nxe5 b4
15. Nxd7 bxc3 16. Nxf6+ Qxf6 17. Qd3 cxb2+ 18. Kb1 Bxh3 19. Bg5 Qe6 20. Rg3 Bg4
21. f3 Bh5 22. Qa3 h6 23. Be7 Rfe8 24. Bc5 Rad8 25. Rgg1 Qf6 26. Rxd8 Rxd8 27.
Be7 Qd4 28. Bc5 Qd1+ 29. Rxd1 Rxd1# 0-1